|
|
|
|
| LEADER |
00000nam a2200000 a 4500 |
| 001 |
vtls011099685 |
| 003 |
SK-MaSNL |
| 005 |
20260301142535.0 |
| 008 |
200612s1787 xr 001 0 ger |
| 015 |
|
|
|a SNBHFA1787
|
| 020 |
|
|
|q (viaz.)
|
| 035 |
|
|
|a F310C899-D08D-4F55-8133-31E62C9121DA
|
| 035 |
|
|
|a urn:nbn:sk:snk-amyfu9
|
| 035 |
|
|
|a urn:nbn:sk:snk-am00cmfp
|
| 040 |
|
|
|a SNKHF
|b slo
|c SNK
|e AACR2
|
| 041 |
0 |
|
|a ger
|
| 044 |
|
|
|a xr
|c CZ
|
| 072 |
|
7 |
|a 59
|x Zoológia
|2 konspekt
|
| 080 |
|
|
|a 59
|2 2001
|
| 080 |
|
|
|a 598.2
|2 2001
|
| 080 |
|
|
|a 5
|2 2001
|
| 080 |
|
|
|a (031)
|2 2001
|
| 100 |
1 |
|
|a Buffon, Georges-Louis Leclerc,
|c comte de,
|d 1707-1788
|4 aut
|9 252940
|
| 245 |
1 |
0 |
|a Herrn von Buffons Naturgeschichte der Vögel
|n Fünfter Band
|c Herrn von Buffons
|
| 260 |
|
|
|a Brünn
|b Verlage F. A. Schrämbls
|c 1787
|f Gedrucke bei Joseph Georg Traßler
|
| 300 |
|
|
|a 427, [76] s.
|b ilustrácie
|c 17 cm
|
| 500 |
|
|
|a Obsahuje kolorované ilustrácie, signované Büff. N. d. Vögel V. T.
|
| 500 |
|
|
|a Kustódy
|
| 504 |
|
|
|a Register
|
| 504 |
|
|
|a Poznámky pod čiarou
|
| 546 |
|
|
|a Nemčina
|b Fraktura
|
| 561 |
|
|
|a Pôvodný exlibris: Franciscus Comes Berchtoldt.
|5 SNK ID 83230/5 D1
|
| 650 |
0 |
7 |
|a vtáky
|2 SNKPH
|9 2762
|
| 650 |
0 |
7 |
|a prírodné vedy
|2 SNKPH
|9 694
|
| 655 |
|
7 |
|a encyklopédie
|2 SNKPH
|9 28776
|
| 700 |
1 |
|
|a Berchtold, František,
|d 1730-1793
|4 fmo
|9 166588
|
| 700 |
1 |
|
|a Buffon, Georges-Louis Leclerc,
|c comte de,
|d 1707-1788
|4 ill
|9 252940
|
| 710 |
2 |
|
|a Trassler, Josef Jiří (Brno, Česko),
|d 1786-1816
|4 prt
|9 161102
|
| 710 |
2 |
|
|a Schrämbl, Franz Anton (Brno, Česko)
|4 pbl
|9 409225
|
| 752 |
|
|
|a Česko
|d Brno
|
| 852 |
|
|
|a snk
|b Historické fondy
|p ID 83230/5 D1
|
| 958 |
|
|
|a ONDV
|
| 999 |
|
|
|c 770576
|d 772506
|
| 952 |
|
|
|t Be 134
|a SNK
|b SNK
|c SNK_HF
|y PREZ
|7 0
|p 17A1128064
|o snkID 83230/5 D1
|i snk2015/29956
|8 5
|0 0
|1 0
|4 0
|d 2015-11-03
|f 1
|l 0
|r 2026-02-24 00:33:27
|w 2026-02-24
|